<?xml version="1.0" encoding="UTF-8"?>
<record
    xmlns:xsi="http://www.w3.org/2001/XMLSchema-instance"
    xsi:schemaLocation="http://www.loc.gov/MARC21/slim http://www.loc.gov/standards/marcxml/schema/MARC21slim.xsd"
    xmlns="http://www.loc.gov/MARC21/slim">

  <leader>01645nam0a2200337   4500</leader>
  <controlfield tag="001">RU\NLR\bibl\872132</controlfield>
  <controlfield tag="005">20250614162346.0</controlfield>
  <datafield tag="010" ind1=" " ind2=" ">
    <subfield code="a">5-17-024794-X</subfield>
    <subfield code="b">&#x41E;&#x41E;&#x41E; "&#x418;&#x437;&#x434;-&#x432;&#x43E; &#x410;&#x421;&#x422;"</subfield>
  </datafield>
  <datafield tag="010" ind1=" " ind2=" ">
    <subfield code="a">5-9660-0422-6</subfield>
    <subfield code="b">&#x41E;&#x410;&#x41E; "&#x41B;&#x42E;&#x41A;&#x421;"</subfield>
    <subfield code="9">5000</subfield>
  </datafield>
  <datafield tag="021" ind1=" " ind2=" ">
    <subfield code="a">RU</subfield>
    <subfield code="b">2005-45415</subfield>
    <subfield code="9">2232</subfield>
  </datafield>
  <datafield tag="035" ind1=" " ind2=" ">
    <subfield code="a">(nilc)RSL-KNO-002685518</subfield>
  </datafield>
  <datafield tag="035" ind1=" " ind2=" ">
    <subfield code="a">(NLR Aleph) 000860746</subfield>
  </datafield>
  <datafield tag="090" ind1=" " ind2=" ">
    <subfield code="a">1538285</subfield>
    <subfield code="c">1538285</subfield>
  </datafield>
  <datafield tag="100" ind1=" " ind2=" ">
    <subfield code="a">20050712d2005    |||y0rusy50      ca</subfield>
  </datafield>
  <datafield tag="101" ind1="1" ind2=" ">
    <subfield code="a">rus</subfield>
    <subfield code="c">eng</subfield>
  </datafield>
  <datafield tag="102" ind1=" " ind2=" ">
    <subfield code="a">RU</subfield>
  </datafield>
  <datafield tag="105" ind1=" " ind2=" ">
    <subfield code="a">y   |||||||||</subfield>
  </datafield>
  <datafield tag="106" ind1=" " ind2=" ">
    <subfield code="a">r</subfield>
  </datafield>
  <datafield tag="200" ind1="1" ind2=" ">
    <subfield code="a">&#x41A;&#x43E;&#x440;&#x430;&#x431;&#x43B;&#x438; &#x432;&#x440;&#x435;&#x43C;&#x435;&#x43D;&#x438;</subfield>
    <subfield code="e">[&#x444;&#x430;&#x43D;&#x442;&#x430;&#x441;&#x442;. &#x440;&#x43E;&#x43C;&#x430;&#x43D;]</subfield>
    <subfield code="f">&#x421;&#x442;&#x438;&#x432;&#x435;&#x43D; &#x411;&#x430;&#x43A;&#x441;&#x442;&#x435;&#x440;</subfield>
    <subfield code="g">[&#x43F;&#x435;&#x440;. &#x441; &#x430;&#x43D;&#x433;&#x43B;. &#x421;. &#x424;&#x440;&#x43E;&#x43B;&#x435;&#x43D;&#x43E;&#x43A;]</subfield>
  </datafield>
  <datafield tag="210" ind1=" " ind2=" ">
    <subfield code="a">&#x41C;.</subfield>
    <subfield code="c">&#x410;&#x421;&#x422;</subfield>
    <subfield code="c">&#x41B;&#x44E;&#x43A;&#x441;</subfield>
    <subfield code="d">2005</subfield>
    <subfield code="g">&#x413;&#x423;&#x41F; &#x427;&#x435;&#x445;&#x43E;&#x432;. &#x43F;&#x43E;&#x43B;&#x438;&#x433;&#x440;. &#x43A;&#x43E;&#x43C;&#x431;.</subfield>
  </datafield>
  <datafield tag="215" ind1=" " ind2=" ">
    <subfield code="a">477, [2] &#x441;.</subfield>
    <subfield code="d">18</subfield>
  </datafield>
  <datafield tag="610" ind1="0" ind2=" ">
    <subfield code="a">&#x424;&#x438;&#x43B;&#x43E;&#x43B;&#x43E;&#x433;&#x438;&#x447;&#x435;&#x441;&#x43A;&#x438;&#x435; &#x43D;&#x430;&#x443;&#x43A;&#x438;. &#x425;&#x443;&#x434;&#x43E;&#x436;&#x435;&#x441;&#x442;&#x432;&#x435;&#x43D;&#x43D;&#x430;&#x44F; &#x43B;&#x438;&#x442;&#x435;&#x440;&#x430;&#x442;&#x443;&#x440;&#x430; -- &#x412;&#x435;&#x43B;&#x438;&#x43A;&#x43E;&#x431;&#x440;&#x438;&#x442;&#x430;&#x43D;&#x438;&#x44F; -- &#x410;&#x43D;&#x433;&#x43B;&#x438;&#x439;&#x441;&#x43A;&#x430;&#x44F; &#x43B;&#x438;&#x442;&#x435;&#x440;&#x430;&#x442;&#x443;&#x440;&#x430; -- &#x441; 1945 &#x433;. -- &#x41F;&#x440;&#x43E;&#x438;&#x437;&#x432;&#x435;&#x434;&#x435;&#x43D;&#x438;&#x44F; &#x445;&#x443;&#x434;&#x43E;&#x436;&#x435;&#x441;&#x442;&#x432;&#x435;&#x43D;&#x43D;&#x43E;&#x439; &#x43B;&#x438;&#x442;&#x435;&#x440;&#x430;&#x442;&#x443;&#x440;&#x44B; -- &#x425;&#x443;&#x434;&#x43E;&#x436;&#x435;&#x441;&#x442;&#x432;&#x435;&#x43D;&#x43D;&#x430;&#x44F; &#x43F;&#x440;&#x43E;&#x437;&#x430; -- &#x420;&#x43E;&#x43C;&#x430;&#x43D;&#x44B;. &#x41F;&#x43E;&#x432;&#x435;&#x441;&#x442;&#x438;. &#x420;&#x430;&#x441;&#x441;&#x43A;&#x430;&#x437;&#x44B; -- &#x424;&#x430;&#x43D;&#x442;&#x430;&#x441;&#x442;&#x438;&#x447;&#x435;&#x441;&#x43A;&#x438;&#x435; &#x438; &#x43C;&#x438;&#x441;&#x442;&#x438;&#x447;&#x435;&#x441;&#x43A;&#x438;&#x435; &#x440;&#x43E;&#x43C;&#x430;&#x43D;&#x44B;, &#x43F;&#x43E;&#x432;&#x435;&#x441;&#x442;&#x438;, &#x440;&#x430;&#x441;&#x441;&#x43A;&#x430;&#x437;&#x44B;. &#x420;&#x43E;&#x43C;&#x430;&#x43D;&#x44B; &#x443;&#x436;&#x430;&#x441;&#x43E;&#x432;</subfield>
  </datafield>
  <datafield tag="686" ind1=" " ind2=" ">
    <subfield code="a">&#x428;5(4&#x412;&#x43B;)62-644.5</subfield>
    <subfield code="2">rubbk</subfield>
  </datafield>
  <datafield tag="686" ind1=" " ind2=" ">
    <subfield code="a">&#x428;6(4&#x412;&#x43B;)67-445{&#x41B;&#x445;1299-62}</subfield>
  </datafield>
  <datafield tag="700" ind1=" " ind2="1">
    <subfield code="4">070</subfield>
    <subfield code="7">ca</subfield>
    <subfield code="8">rus</subfield>
    <subfield code="a">&#x411;&#x430;&#x43A;&#x441;&#x442;&#x435;&#x440;</subfield>
    <subfield code="b">&#x421;.</subfield>
    <subfield code="f">1957-</subfield>
    <subfield code="g">&#x421;&#x442;&#x438;&#x432;&#x435;&#x43D;</subfield>
    <subfield code="9">206203</subfield>
    <subfield code="3">RU\NLR\AUTH\770206255</subfield>
  </datafield>
  <datafield tag="801" ind1=" " ind2="0">
    <subfield code="a">RU</subfield>
    <subfield code="b">RuMoRKP</subfield>
    <subfield code="c">20050712</subfield>
    <subfield code="g">rcr</subfield>
  </datafield>
  <datafield tag="801" ind1=" " ind2="1">
    <subfield code="a">RU</subfield>
    <subfield code="b">RuMoRGB</subfield>
    <subfield code="c">20050712</subfield>
  </datafield>
  <datafield tag="801" ind1=" " ind2="2">
    <subfield code="a">RU</subfield>
    <subfield code="b">NLR</subfield>
    <subfield code="c">20051115</subfield>
    <subfield code="g">rcr</subfield>
  </datafield>
  <datafield tag="942" ind1=" " ind2=" ">
    <subfield code="c">BOOK</subfield>
  </datafield>
  <datafield tag="980" ind1=" " ind2=" ">
    <subfield code="a">NB</subfield>
  </datafield>
  <datafield tag="995" ind1=" " ind2=" ">
    <subfield code="5">2005-11-15</subfield>
    <subfield code="a">ad</subfield>
    <subfield code="b">NLR01</subfield>
    <subfield code="c">NLR01</subfield>
    <subfield code="e">RF3</subfield>
    <subfield code="f">2049108</subfield>
    <subfield code="k">2005-3/32616</subfield>
    <subfield code="o">0</subfield>
    <subfield code="r">BOOK</subfield>
    <subfield code="s">2005332616_</subfield>
  </datafield>
  <datafield tag="995" ind1=" " ind2=" ">
    <subfield code="5">2005-11-15</subfield>
    <subfield code="a">ad</subfield>
    <subfield code="b">NLR01</subfield>
    <subfield code="c">NLR01</subfield>
    <subfield code="e">RF3</subfield>
    <subfield code="f">2049109</subfield>
    <subfield code="k">2005-3/32616</subfield>
    <subfield code="o">0</subfield>
    <subfield code="r">BOOK</subfield>
    <subfield code="s">2005332616_</subfield>
  </datafield>
</record>
